|
|
|
|
| LEADER |
00000nam0a2200000 4500 |
| 001 |
284299 |
| 005 |
20231101235700.0 |
| 020 |
|
|
|a RU
|b 85-22465
|
| 035 |
|
|
|a (RuTPU)RU\TPU\book\308453
|
| 090 |
|
|
|a 284299
|
| 100 |
|
|
|a 20150213d1985 m y0rusy5003 ca
|
| 101 |
0 |
|
|a rus
|
| 102 |
|
|
|a RU
|
| 105 |
|
|
|a a j 001zy
|
| 200 |
1 |
|
|a Физика с основами электротехники
|e учебное пособие
|f А. А. Пинский, Г. Ю. Граковский
|
| 210 |
|
|
|a Москва
|c Высшая школа
|d 1985
|
| 215 |
|
|
|a 384 с.
|c ил.
|
| 320 |
|
|
|a Предметный указатель: с. 376-380
|
| 606 |
|
|
|a Физика
|2 stltpush
|3 (RuTPU)RU\TPU\subj\63709
|9 80688
|
| 610 |
1 |
|
|a механика
|
| 610 |
1 |
|
|a теория относительности
|
| 610 |
1 |
|
|a кинематика
|
| 610 |
1 |
|
|a материальная точка
|
| 610 |
1 |
|
|a динамика
|
| 610 |
1 |
|
|a электродинамика
|
| 610 |
1 |
|
|a электротехника
|
| 610 |
1 |
|
|a колебания
|
| 610 |
1 |
|
|a переменный электрический ток
|
| 610 |
1 |
|
|a волны
|
| 610 |
1 |
|
|a волновая оптика
|
| 610 |
1 |
|
|a геометрическая оптика
|
| 610 |
1 |
|
|a термодинамика
|
| 610 |
1 |
|
|a квантовая физика
|
| 610 |
1 |
|
|a учебные пособия
|
| 675 |
|
|
|a 53(075.8)
|v 3
|
| 700 |
|
1 |
|a Пинский
|b А. А.
|g Аркадий Аронович
|
| 701 |
|
1 |
|a Граковский
|b Г. Ю.
|g Григорий Юрьевич
|
| 801 |
|
0 |
|a RU
|b RuMRKP
|c 19950704
|g psbo
|
| 801 |
|
1 |
|a RU
|b 63413507
|c 20150213
|
| 801 |
|
2 |
|a RU
|b 63413507
|c 20170928
|g RCR
|
| 942 |
|
|
|c BK
|